| 000 | 00357nam a22001577a 4500 | ||
|---|---|---|---|
| 003 | OSt | ||
| 005 | 20240322130336.0 | ||
| 008 | 170729b xxu||||| |||| 00| 0 eng d | ||
| 020 | _a978-0198759775 | ||
| 040 | _cSEROSOFT | ||
| 100 | _aSONI,P.L. | ||
| 245 | _aORGANIC CHEMISTRY | ||
| 260 |
_aDELHI _bSULTAN CHAND _c1999 |
||
| 300 | _a3.387 | ||
| 942 |
_2ddc _c03 |
||
| 999 |
_c35976 _d35976 |
||